00518nam a2200193 a 4500001001300000003000900013005001700022008004100039020001000080082001600090100003100106245005300137260003500190300000800225500003500233505001400268650001100282700003100293nice12345678IN_TiNIC20260116011346.0050524s0000 hyda grp 000 0 per  ac10000a297.4bTUS1 aTusi, Khaja Naseeruddin Mo aRisala Fi Sair Wa Suluk Wa- Tahqeeq Mazhabul Haq aHyderabadbJamia Osmaniac0000 a68p aincludes index and biblioraphy2 areference aSufism1 aTusi, Khaja Naseeruddin Mo